| 000 | 00754cab a2200217 4500 | ||
|---|---|---|---|
| 001 | WB2739-43 | ||
| 008 | 090401t1991 xxu||||| |||| 00| 0 eng d | ||
| 035 | _a(Sirsi) u8273 | ||
| 041 | _aeng | ||
| 245 | _aUrban renewal | ||
| 260 | _c1991 | ||
| 300 | _aLOAN | ||
| 350 | _a0 | ||
| 490 |
_aDaily Telegraph _v4 October 1991, 27-29(3) |
||
| 520 | _aDiscusses various refurbishment schemes to improve the quality of life on residential housing estates. Gives details of Government-funded inner city aid programmes including City Action, Urban Programme, Urban Development Corporations, Derelict Land Grant and Estate Action. | ||
| 650 | _aESTATE ACTION | ||
| 650 | _aHOUSING ESTATES | ||
| 690 | _aURBAN RENEWAL | ||
| 942 | _n0 | ||
| 948 | _c04/03/1997 | ||
| 999 |
_c5068 _d5068 |
||